Mot mystérieux - Série 04 - Statistiques

Statistiques générales
  • Ce quiz a été pris 72 fois
  • Le résultat moyen est 5 sur 10
Statistiques - réponses
Indices Mot % Correct
Généalogique - Essence - Cames - Fruitier Arbre
98%
Chemise - Fièvre - Or - Acné Bouton
94%
Jardin - Ministre - Roulant - Orchestre Fauteuil
65%
Vitesse - Pitre- Compas - Aiguille Pointe
50%
Chasse - Noir - Cadre - Affichage Tableau
40%
Ordures - Lie - Garantie - Plainte Dépôt
39%
Système - Interdiction - Eléphant - Nationale Défense
34%
Mer - Vin - Gaz- Oxygène Bouteille
31%
Devancer - Air - Forêt - Pied Appel
16%
Eau - Yeux - Glace - Air Poche
6%
Aucun quiz correspondant
Distribution des résultats
% des personnes avec chaque résultat
Percentile par nombre de réponses
Votre historique - résultats
Vous n’avez pas pris ce quiz